| 000 | 00345nam a22001097a 4500 | ||
|---|---|---|---|
| 008 | 160712b xxu||||| |||| 00| 0 eng d | ||
| 100 |
_92689 _a Hornby, A.S |
||
| 245 | _aOxford Advanced Learner's Dictionary of Current English | ||
| 260 |
_aN.Y _b Oxford _c2005 |
||
| 300 | _aOxford Advanced Learner's Dictionary of Current English | ||
| 942 |
_2ddc _cBK |
||
| 999 |
_c2338 _d2338 |
||